Solution of boundary value problems by the method of integral operators (Record no. 214310)

MARC details
000 -LEADER
fixed length control field 00416nam a2200157Ia 4500
008 - FIXED-LENGTH DATA ELEMENTS--GENERAL INFORMATION
fixed length control field 230917s9999||||xx |||||||||||||| ||und||
020 ## - ISBN
Price POU6
040 ## - CATALOGING SOURCE
-- 21783
Original cataloging agency VIVEKANANDA LIBRARY
041 ## - Language
-- English
082 ## - DDC NUMBER
Classification number 515.35 722S
100 ## - MAIN ENTRY--PERSONAL NAME
Personal name D L Colton
245 #0 - TITLE STATEMENT
Title Solution of boundary value problems by the method of integral operators
260 ## - PUBLICATION, DISTRIBUTION, ETC. (IMPRINT)
Place of publication, distribution, etc London
Name of publisher, distributor, etc Pitman Publishing
Date of publication, distribution, etc 1976
300 ## - PHYSICAL DESCRIPTION
Pages 148 p.
942 ## - ADDED ENTRY ELEMENTS (KOHA)
Koha item type Books
Holdings
Withdrawn status Lost status Damaged status Not for loan Location (home branch) Sublocation or collection (holding branch) Date acquired Koha issues (times borrowed) Koha full call number Accession No. Koha date last seen Koha item type
        VIVEKANANDA LIBRARY VIVEKANANDA LIBRARY 08/08/2002   515.35 722S 78015 17/09/2023 Books
© Designed and Maintained by Vivekananda Library, MDU Rohtak